000 00955nas a2200301 4500
001 BR0102104
003 BR-BrBNA
005 20231205102231.0
007 ta
008 230509b bl.|||p| |||| 00| 00por d
040 _aBR-BrBNA
_bpor
_cBiblioteca Nacional de Agricultura
041 _a(En)
072 _aK10
100 1 _aApplegate, B.T.S.
100 1 _aZarin, D.J.
100 1 _aRabelo, F.G.
245 1 _aLog and sawn lumber volume relationships for Calycophyllum spruceanum: a naturally regenerating timber resource from amazonian tidal floodplain forest Amapa-Brazil
650 _aMulateiro
650 _aMadeira
650 _aSilvicultura
650 _aProducao Vegetal
650 _aRegeneracao Natural
650 _aVolume
650 _aAmapa
773 0 _tRevista de Ciencias Agrarias (Brazil)
_xISSN 1517-591X
_g(Jan-Jun 2000), no. 33 p. 87-96
_wBR0102104
909 _a202311
_bLúcia
_c55
_dLúcia Elande
942 _2AGRIS
_n0
_cANA
999 _c166457
_d166457